Estudio y comprensión de la naturaleza. 7§ año básico. Texto para el estudiante

保存先:
書誌詳細
第一著者: Espinosa Inostroza, Myriam (著者)
フォーマット: 図書
言語:スペイン語
出版事項: Santiago Norma 2007
主題:
タグ: タグ追加
タグなし, このレコードへの初めてのタグを付けませんか!

MARC

LEADER 00000nam a2200000 a 4500
001 UCI5625
003 CL-VaPUC
008 080404e20070000CL |||||||||||||||||spa|d
020 |a 9789563001488 
082 0 4 |a 372.357  |b ESP  |2 21 
100 0 |a Espinosa Inostroza, Myriam  |e author  |9 528162 
245 1 0 |a Estudio y comprensión de la naturaleza. 7§ año básico. Texto para el estudiante 
300 |a 207 p 
942 |c BK 
945 |d 20080404 00:00:00  |a rbrito 
260 |a Santiago  |b Norma  |c 2007 
650 0 |a Enseñanza de las ciencias  |9 331919 
650 0 |a Ciencias naturales  |9 260542 
650 0 |a Educación básica   |9 224933 
583 |a last modification  |c 20171004 12:17:27  |k Rodrigo Vera 
999 |c 329365  |d 329363 
952 |0 0  |1 0  |4 0  |6 372_357000000000000_ESP_2007  |7 0  |8 A  |9 413929  |a BIBEDU  |b BIBEDU  |d 2019-11-22  |i 4463064  |o 372.357 ESP 2007  |p 4463064  |r 2019-11-22  |w 2019-11-22  |y BK  |k EDU